قلم کے صفیر : (Record no. 106797)
[ view plain ]
| 000 -LEADER | |
|---|---|
| fixed length control field | 00834nam a22002537a 4500 |
| 005 - DATE AND TIME OF LATEST TRANSACTION | |
| control field | 20170123162317.0 |
| 010 ## - LIBRARY OF CONGRESS CONTROL NUMBER | |
| LC control number | A-442879 |
| 020 ## - INTERNATIONAL STANDARD BOOK NUMBER | |
| Terms of availability | 75.00 |
| 035 ## - SYSTEM CONTROL NUMBER | |
| System control number | A-442879 |
| 037 ## - SOURCE OF ACQUISITION | |
| Source of stock number/acquisition | Cen Lib/Ret |
| 040 ## - CATALOGING SOURCE | |
| Original cataloging agency | DPL |
| Language of cataloging | UR |
| 082 ## - DEWEY DECIMAL CLASSIFICATION NUMBER | |
| Classification number | 840.8 |
| Item number | ر ف ع |
| 100 ## - MAIN ENTRY--PERSONAL NAME | |
| Personal name | رفعت سروش |
| 9 (RLIN) | 139511 |
| 245 ## - TITLE STATEMENT | |
| Title | قلم کے صفیر : |
| Statement of responsibility, etc | رفعت سروش |
| Remainder of title | مضامین / |
| 246 ## - VARYING FORM OF TITLE | |
| Title proper/short title | Qlam ke safeer : mazamen / |
| Remainder of title | by Rafat Sarosh |
| 260 ## - PUBLICATION, DISTRIBUTION, ETC. (IMPRINT) | |
| Place of publication, distribution, etc | نیی دہلی |
| Name of publisher, distributor, etc | رفعت سروش |
| Date of publication, distribution, etc | 1990 |
| 270 ## - ADDRESS | |
| Address | 2B, پککٹ سی سدھر ایکسٹینشن |
| City | نیی دہلی |
| Postal code | 110014 |
| 300 ## - PHYSICAL DESCRIPTION | |
| Extent | 240p. |
| Dimensions | 21cm(Hb) |
| 650 ## - SUBJECT ADDED ENTRY--TOPICAL TERM | |
| Topical term or geographic name as entry element | ادب - اردو |
| Form subdivision | |
| 9 (RLIN) | 139512 |
| 650 ## - SUBJECT ADDED ENTRY--TOPICAL TERM | |
| Topical term or geographic name as entry element | اردو مضمون |
| 9 (RLIN) | 139513 |
| 650 ## - SUBJECT ADDED ENTRY--TOPICAL TERM | |
| Topical term or geographic name as entry element | Literature -- Urdu |
| 9 (RLIN) | 139514 |
| 650 ## - SUBJECT ADDED ENTRY--TOPICAL TERM | |
| Topical term or geographic name as entry element | Urdu essays |
| 9 (RLIN) | 528 |
| 942 ## - ADDED ENTRY ELEMENTS (KOHA) | |
| Source of classification or shelving scheme | Dewey Decimal Classification |
| Koha item type | Urdu Bks |
| Classification part | 840.8 |
| Call number suffix | ر ف ع |
| Withdrawn status | Lost status | Damaged status | Not for loan | Home library | Current library | Date acquired | Source of acquisition | Cost, normal purchase price | Total Checkouts | Full call number | Barcode | Date last seen | Copy number | Cost, replacement price | Price effective from | Koha item type |
|---|---|---|---|---|---|---|---|---|---|---|---|---|---|---|---|---|
| Central Library | Central Library | 29/12/2015 | Cen Lib/Ret | 75.00 | 840.8 ر ف ع | A-442879 | 29/12/2015 | 1 | 75.00 | 29/12/2015 | Urdu Bks |
